000 00578nam a22002177a 4500
999 _c3489
_d3489
003 OSt
005 20211117093830.0
008 211117b ||||| |||| 00| 0 eng d
020 _a9780763837709
040 _cALUPE UNIVERSITY COLLEGE
050 _aQA76.5
_b.R88
100 _aRutkosky Nita
245 _aMicrosoft Office 2010
260 _aWashington
_bParadigm publishing
_c2011
300 _avii, various pagings
_bills,
440 _aSeguin Denise
440 _aRoggenkamp Rutkosky Audrey
504 _aindex inluded
650 _2Microsoft
942 _2lcc
_cBK
_nPW